|
|
|
|
| LEADER |
00000cam a2200000 7i4500 |
| 001 |
0000003237 |
| 002 |
000003494 |
| 005 |
20000330.0 |
| 020 |
|
|
|a 0721406734
|
| 090 |
0 |
0 |
|a JF
|b BUT
|
| 100 |
1 |
|
|a Butterworth, Ben
|
| 245 |
1 |
4 |
|a The weathervane
|c Ben Butterworth ; illustrated by Martin Aitchison
|
| 260 |
|
|
|a England :
|b Ladybird Books ,
|c 19__
|
| 300 |
|
|
|a 26p. :
|b ill. ;
|c 18cm.
|
| 650 |
0 |
0 |
|a Children's stories
|
| 700 |
1 |
|
|a Aitchison, Martin ,
|e illustrated
|
| 999 |
|
|
|a 035706
|b BUKU
|c JUNIOR FICTION
|e PERPUSTAKAAN KOMUNITI PETALING JAYA
|
| 999 |
|
|
|a 036979
|b BUKU
|c PINJAMAN
|e PERPUSTAKAAN KOMUNITI PETALING JAYA
|